Pharmaceutical Experimental Design : Drugs and The Pharmaceutical Sciences Vol - 92 (Record no. 76081)

MARC details
000 -LEADER
fixed length control field 00483pam a2200157 a 4500
020 ## - INTERNATIONAL STANDARD BOOK NUMBER
International Standard Book Number 9780824798604
Terms of availability
041 ## - LANGUAGE CODE
Language code of text/sound track or separate title eng
082 ## - DEWEY DECIMAL CLASSIFICATION NUMBER
Classification number 615.191
Item number LEW
100 ## - MAIN ENTRY--PERSONAL NAME
Personal name Lewis, G A.
245 ## - TITLE STATEMENT
Title Pharmaceutical Experimental Design : Drugs and The Pharmaceutical Sciences Vol - 92
Medium Textual Documents
260 ## - PUBLICATION, DISTRIBUTION, ETC.
Place of publication, distribution, etc. London
Name of publisher, distributor, etc. Informa Healthcare
Date of publication, distribution, etc. 1999
300 ## - PHYSICAL DESCRIPTION
Extent 498.
653 ## - INDEX TERM--UNCONTROLLED
Uncontrolled term Pharmaceutics(Manufacture & Preparation)
700 ## - ADDED ENTRY--PERSONAL NAME
Personal name Mathieu, Didier.
-- Phan-Tan-Luu, R.
930 ## - EQUIVALENCE OR CROSS-REFERENCE-UNIFORM TITLE HEADING [LOCAL, CANADA]
Uniform title 2802
Holdings
Withdrawn status Lost status Damaged status Not for loan Collection Home library Current library Date acquired Cost, normal purchase price Total Checkouts Full call number Barcode Date last seen Copy number Price effective from Koha item type
          Poona College of Pharmacy, Pune Poona College of Pharmacy, Pune 07/03/2018 3495.00   615.191 LEW PCP-A-8 24/02/2023 1 24/02/2023 Book